000 00371nam a2200133Ia 4500
008 210430s9999 xx 000 0 und d
020 _a9788126542017
082 _a620.5 R2151N
100 _aRoa Ramachandra M.S.
_954885
245 _aNanoscience and Nanotechnology/
_cRoa Ramachandra M.S.
260 _aNew Dehli.
_bWiley.
_c2013
300 _a370p.
942 _cREF
_2ddc
999 _c565775
_d565775